书目信息 |
| 题名: |
边防论
|
|
| 作者: | 毛振发 主编 | |
| 分册: | ||
| 出版信息: | 北京 军事科学出版社 1996.04 |
|
| 页数: | 285页 | |
| 开本: | 32开 | |
| 丛书名: | ||
| 单 册: | ||
| 中图分类: | E115 | |
| 科图分类: | ||
| 主题词: | 军队建设--世界 , 战备--世界 | |
| 电子资源: | ||
| ISBN: | 7-80021-977-1 | |
| 000 | 00557nam0 2200205 45 | |
| 001 | 0010221556 | |
| 005 | 20001022150253.7 | |
| 010 | @a7-80021-977-1@d14.80元 | |
| 100 | @a20001022d1996 km y0chiy0120 ea | |
| 101 | 0 | @achi |
| 105 | @a z 000yy | |
| 200 | 1 | @a边防论@ABian Fang Lun@f毛振发主编@FMao Zhen Fa Zhu Bian |
| 210 | @a北京@c军事科学出版社@d1996.04 | |
| 215 | @a285页@d32开 | |
| 606 | 0 | @a军队建设@x世界 |
| 606 | 0 | @a战备@x世界 |
| 690 | @aE115@v3 | |
| 701 | 0 | @a毛振发@4主编 |
| 801 | @aCN@bPftUser@c20001022 | |
| 905 | @b182321-325@dE115@eL679@f5 | |
| 边防论/毛振发主编.-北京:军事科学出版社,1996.04 |
| 285页;32开 |
| ISBN 7-80021-977-1:14.80元 |
| ● |
| 相关链接 |
|
|
|
正题名:边防论
索取号:E115/L679
 
预约/预借
| 序号 | 登录号 | 条形码 | 馆藏地/架位号 | 状态 | 备注 |
| 1 | 182321 | 201823214 | 社科库509/509社科库 113排2列3层/ [索取号:E115/L679] | 在馆 | |
| 2 | 182322 | 201823223 | 社科库509/509社科库 113排2列3层/ [索取号:E115/L679] | 在馆 | |
| 3 | 182323 | 201823232 | 社科库509/509社科库 113排2列3层/ [索取号:E115/L679] | 在馆 | |
| 4 | 182324 | 201823241 | 社科库509/509社科库 113排2列3层/ [索取号:E115/L679] | 在馆 | |
| 5 | 182325 | 201823250 | 社科库509/509社科库 113排2列3层/ [索取号:E115/L679] | 在馆 |